Devinez le titre - chansons françaises - Statistiques

Statistiques générales
  • Ce quiz a été pris 2 055 fois
  • Le résultat moyen est 6 sur 10
Statistiques - réponses
Hint Réponse % Correct
Mél...Assieds-toi faut que j'te parles... Confessions Nocturnes
84%
Dites moi d'où il vient, enfin je saurai où je vais... Papaoutai
84%
Donnez-moi une suite au Ritz, je n'en veux pas, des bijoux de chez Chanel, je n'en veux pas Je veux
79%
Enfants des parcs, gamins des plages, le vent menace les châteaux de sable façonnés de mes doigts... Le chant des sirènes
63%
Le soir s'approche ça s'tappe des barres, ça fume des sbars comme si c'était légal... Wati by Night
59%
Aussitôt que le jour se lève tu es dans ma tête... Celui
55%
C'est une façon de voir la vie, un peuple plus grand qu'un pays... Color Gitano
52%
J'entre au Costes boire un verre mais la serveuse me pompe l'air... Ça m'énerve
50%
J'me laisse aller souvent, c'est vrai, j'attends... Lady Melody
43%
Du fond de ma rue, une silhouette comme un bruit aigu... Belle Demoiselle
22%
Aucun quiz correspondant
Distribution des résultats
% des personnes avec chaque résultat
Percentile par nombre de réponses
Votre historique - résultats
Vous n’avez pas pris ce quiz